Zodpovednosť za škodu v obchodnom práve diplomová práca

Guardado en:
Detalles Bibliográficos
Autor principal: Klúcsik, Peter
Autor Corporativo: Obchodná fakulta EU. Katedra obchodného práva
Otros Autores: Veterníková, Mária, 1964-
Formato: Libro
Lenguaje:eslovaco
Publicado: Bratislava 2018
Etiquetas: Agregar Etiqueta
Sin Etiquetas, Sea el primero en etiquetar este registro!

MARC

LEADER 00000nbm a2200000 4500
001 0243321
005 20180730095008.2
041 0 |a slo 
044 |a SK 
245 1 0 |a Zodpovednosť za škodu v obchodnom práve  |b diplomová práca  |c Peter Klúcsik ; školiteľ: Mária Veterníková 
264 1 |a Bratislava  |c 2018 
300 |a 74 s. 
100 1 |a Klúcsik, Peter 
700 1 |a Veterníková, Mária, 1964- 
710 2 |a Obchodná fakulta EU. Katedra obchodného práva